000 00795nam a22002177a 4500
005 20250225132353.0
008 210616b ||||| |||| 00| 0 spa d
020 _a84-8164-064-6
040 _cAR-FvUNAJ
082 1 4 _214
_a335.4
100 1 _aDerrida, Jacques
_d1930-2004
_921248
245 1 0 _aEspectros de Marx :
_bel Estado de la deuda, el trabajo del duelo y la nueva Internacional /
_cJacques Derrida; traductores José Miguel Alarcón y Cristina de Peretti
260 _aMadrid:
_bTrotta,
_c1995
300 _a196 p.
440 _921249
_aFilosofía
_pColección Estructuras y Procesos
650 1 7 _2unescot
_9813
_aMARXISMO
650 2 7 _2unescot
_9839
_aIDEOLOGIA
700 1 _921250
_aAlarcón, José Miguel
_etrad.
700 1 _921252
_aPeretti, Cristina de
_etrad.
942 _2ddc
_cLIBRO
999 _c10744
_d10744
980 _619226
_a Palazón Marcela I.
_819226
_g Palazón Marcela I.